| 000 | 00806cam a22002291 4500 | ||
|---|---|---|---|
| 001 | he 68000856 | ||
| 003 | DLC | ||
| 005 | 20260227111456.0 | ||
| 008 | 860909s1964 is ac b 000 0 hebo | ||
| 010 | _ahe 68000856 | ||
| 035 | _a(OCoLC)14197401 | ||
| 040 |
_aDLC _cCU _dDLC |
||
| 043 | _aa-is--- | ||
| 050 | 0 | 0 |
_aHD8761.P33 _bM4 |
| 100 | 1 | _aMerom, Shelomoh. | |
| 245 | 1 | 0 |
_aTenuʻat ha-ʻavodah ha-ʻIvrit, me-reshitah ṿe-ʻad ha-ʻaliyah ha-shelishit ; _bpirḳe limud ṿe-ʻiyun le-talmide bate-sefer, le-morim ule-maśkilim _c[me-et] Shelomoh Merom (Ṿilḳomirsḳi) |
| 260 |
_a[Tel-Aviv, _c1964 or 5] |
||
| 300 |
_a319 p. _billus., ports. _c22 cm. |
||
| 500 | _aIncludes bibliographies. | ||
| 650 | 0 |
_aLabor and laboring classes _zIsrael _xHistory. |
|
| 650 | 0 |
_aLabor unions _zIsrael _xHistory. |
|
| 999 |
_c33120 _d33120 |
||